Flamengo Vs Fluminense - Statistics

General Stats
  • This quiz has been taken 24 times
  • The average score is 6 of 22
Answer Stats
Hint Answer % Correct
FW(2009~22 Fred
76%
FW(2019-24 Gabriel Barbosa
76%
MF(1971~89 Zico
71%
DF(1974~93 Leo Júnior
62%
FW(1995~99 Romário
52%
DF(2009-2018 Gum
48%
MF(1975-87 Adílio
38%
GK(1947-64 Carlos Castilho
33%
DF(1968-75 Assis
29%
DF(2005-15 Leonardo Moura
29%
FW(1954-61 Waldo
29%
FW(1954-63 Dida
24%
MF(1977-88 Andrade
19%
FW(1951-60 Telê Santana
19%
DF(1955-71 Altair
5%
GK(1973~89 Cantarele
5%
MF(1964-73 Denílson
5%
MF(1954-64 Escurinho
5%
DF(1952-61 Jadir
5%
DF(1952-63 Jordan
5%
DF(1948-63 Pinheiro
5%
MF(1975-82 Rubens Galaxe
5%
No matching quizzes found
Score Distribution
Percent of People with Each Score
Percentile by Number Answered
Your Score History
You have not taken this quiz